| Tag |
First Indicator |
Second Indicator |
Subfields |
| LEADER |
00000cam a22000004a 4500 |
| 001 |
in00002011513 |
| 005 |
20151031155457.0 |
| 008 |
040910s2004 gw a b 000 0 eng c |
| 020 |
|
|
|a 3540223541 (hd.bd.)
|
| 035 |
|
|
|a (OCoLC)ocm56492479
|
| 040 |
|
|
|a OHX
|c OHX
|d CGU
|d TXA
|d UtOrBLW
|
| 042 |
|
|
|a pcc
|
| 049 |
|
|
|a TXAM
|
| 050 |
|
4 |
|a TK5105.5
|b .C657 2004
|
| 072 |
|
7 |
|a QC
|2 lcco
|
| 245 |
0 |
0 |
|a Complex networks /
|c E. Ben-Naim, H. Frauenfelder, Z. Toroczkai (eds.).
|
| 264 |
|
1 |
|a Berlin :
|b Springer,
|c 2004.
|
| 300 |
|
|
|a xvii, 520 pages :
|b illustrations ;
|c 25 cm.
|
| 336 |
|
|
|a text
|b txt
|2 rdacontent
|
| 337 |
|
|
|a unmediated
|b n
|2 rdamedia
|
| 338 |
|
|
|a volume
|b nc
|2 rdacarrier
|
| 490 |
1 |
|
|a Lecture notes in physics,
|x 0075-8450 ;
|v 650
|
| 650 |
|
0 |
|a Computer networks.
|
| 700 |
1 |
|
|a Ben-Naim, E.
|q (Eli)
|
| 700 |
1 |
|
|a Frauenfelder, Hans,
|d 1922-
|
| 700 |
1 |
|
|a Toroczkai, Z.
|q (Zoltan)
|
| 830 |
|
0 |
|a Lecture notes in physics ;
|v 650.
|
| 938 |
|
|
|a Otto Harrassowitz
|b HARR
|n har045020681
|c 74.85 EUR
|
| 994 |
|
|
|a C0
|b TXA
|
| 948 |
|
|
|a cataloged
|b h
|c 2005/1/4
|d c
|e blrosas
|f 3:07:36 pm
|
| 999 |
|
|
|a MARS
|
| 999 |
f |
f |
|s 6d4b2ec6-ebaf-338f-972d-c7cace5cd10f
|i e4fc372d-0acc-3d00-aa5c-affcb3075fb8
|t 0
|
| 952 |
f |
f |
|p normal
|a Texas A&M University
|b College Station
|c Sterling C. Evans Library
|d Evans: Library Stacks
|t 0
|e TK5105.5 .C657 2004
|h Library of Congress classification
|i unmediated -- volume
|m A14831696205
|
| 998 |
f |
f |
|a TK5105.5 .C657 2004
|t 0
|l Evans: Library Stacks
|